Bioinformatics: A practical guide to next generation sequencing data analysis (Record no. 311791)

MARC details
000 -LEADER
fixed length control field 00545 a2200193 4500
005 - DATE & TIME
control field 20240709141352.0
008 - FIXED-LENGTH DATA ELEMENTS--GENERAL INFORMATION
fixed length control field 240709b |||||||| |||| 00| 0 eng d
020 ## - ISBN
International Standard Book Number 9781032408910
Price £ 14.99
040 ## - CATALOGING SOURCE
Original cataloging agency VIVEKANANDA LIBRARY
082 ## - DDC NUMBER
Classification number 570.285
Book Number I5B
100 ## - MAIN ENTRY--PERSONAL NAME
Personal name Ismail, Hamid D
245 ## - TITLE STATEMENT
Title Bioinformatics: A practical guide to next generation sequencing data analysis
260 ## - PUBLICATION, DISTRIBUTION, ETC. (IMPRINT)
Name of publisher, distributor, etc CRC Press
Date of publication, distribution, etc 2023
Place of publication, distribution, etc Boca Raton
300 ## - PHYSICAL DESCRIPTION
Pages xvii, 330
650 ## - Subject
Subject Bioinformatics
650 ## - Subject
Subject Gentics-Technique
650 ## - Subject
Subject Nucleotide Sequence
942 ## - ADDED ENTRY ELEMENTS (KOHA)
Koha item type Books
Holdings
Withdrawn status Lost status Source of classification or shelving scheme Damaged status Not for loan Location (home branch) Sublocation or collection (holding branch) Shelving location Date acquired Koha issues (times borrowed) Koha full call number Accession No. Koha date last seen Koha item type
    Dewey Decimal Classification     VIVEKANANDA LIBRARY VIVEKANANDA LIBRARY Vivekananda Library 17/02/2024   570.285 I5B 409261 17/02/2024 Books
© Designed and Maintained by Vivekananda Library, MDU Rohtak